[Event "Junior Online 4NCL Division 3"]
[Site "online"]
[Date "2021.08.19"]
[EventDate "2021.08.19"]
[Round "1.92"]
[White "Longia-Zaidi, Ismail"]
[WhiteElo "1317"]
[WhiteTeam "Desert Penguins Saturn"]
[Black "Khan, Leo"]
[BlackElo "1623"]
[BlackTeam "Leeds Juniors 1"]
[Result "1-0"]
[PlyCount "142"]

1. d4 d5 2. c4 e5 3. dxe5 d4 4. Nf3 Nc6 5. e3 Bb4+ 6. Bd2 dxe3 7. fxe3 Nh6 8. Bxb4 Qxd1+ 9. Kxd1 Nxb4 10. a3 Nc6 11. Nc3 O-O 12. Bd3 Ng4 13. Ke2 Ngxe5 14. Nxe5 Nxe5 15. Be4 Bg4+ 16. Kf2 c6 17. h3 Be6 18. b3 Rfd8 19. Rad1 g6 20. g4 a5 21. Rhg1 a4 22. Nxa4 Ra6 23. Rxd8+ Kg7 24. Rb8 Ra7 25. Nc5 Bxc4 26. bxc4 Nxc4 27. Rxb7 Ra5 28. Ne6+ Kf6 29. Nd8 Nd6 30. Rb4 Rxa3 31. Bxc6 Rd3 32. Rf4+ Ke7 33. Nb7 Rd2+ 34. Kf3 f5 35. Nxd6 Rxd6 36. Rc1 Rd8 37. Rd4 fxg4+ 38. hxg4 g5 39. Rxd8 Kxd8 40. Be4 Ke7 41. Bxh7 Kf6 42. e4 Kg7 43. Rc7+ Kf6 44. Rc6+ Ke5 45. Rc5+ Kf6 46. e5+ Ke6 47. Bf5+ Ke7 48. Rc7+ Kd8 49. Rh7 Ke8 50. Bg6+ Kf8 51. e6 Kg8 52. Rg7+ Kxg7 53. e7 Kxg6 54. e8=Q+ Kf6 55. Qf8+ Kg6 56. Qd6+ Kg7 57. Qe7+ Kg6 58. Ke4 Kh6 59. Qf8+ Kg6 60. Qf5+ Kh6 61. Qf6+ Kh7 62. Qe6 Kg7 63. Kf5 Kh7 64. Qf7+ Kh8 65. Qh5+ Kg7 66. Kxg5 Kg8 67. Qg6+ Kh8 68. Qa6 Kh7 69. Qf6 Kg8 70. Qe7 Kh8 71. Kg6 Kg8 1-0

[Event "Junior Online 4NCL Division 3"]
[Site "online"]
[Date "2021.08.19"]
[EventDate "2021.08.19"]
[Round "1.93"]
[White "Rowe, Angelica"]
[WhiteElo "1449"]
[WhiteTeam "Leeds Juniors 1"]
[Black "Dane, Antony"]
[BlackElo "1361"]
[BlackTeam "Desert Penguins Saturn"]
[Result "1-0"]
[PlyCount "55"]

1. e4 c5 2. Nc3 d6 3. f4 Nc6 4. Bc4 e6 5. Nf3 a6 6. a4 b6 7. O-O Bb7 8. d3 Nf6 9. Qe1 Be7 10. Qg3 Rg8 11. f5 d5 12. Ba2 d4 13. fxe6 fxe6 14. Ne2 Bd6 15. e5 Nh5 16. Qh3 Nxe5 17. Qxe6+ Qe7 18. Qxg8+ Kd7 19. Nxe5+ Bxe5 20. Qf7 Qxf7 21. Rxf7+ Kd6 22. Rxb7 Rf8 23. Bg5 Rf5 24. Bd2 Kc6 25. Rf7 Nf6 26. Rf1 Rh5 27. Ng3 Rg5 28. Bxg5 1-0

[Event "Junior Online 4NCL Division 3"]
[Site "online"]
[Date "2021.08.19"]
[EventDate "2021.08.19"]
[Round "1.94"]
[White "Mo, Alex"]
[WhiteElo "1304"]
[WhiteTeam "Desert Penguins Saturn"]
[Black "Krishnan, Aditya"]
[BlackElo "1436"]
[BlackTeam "Leeds Juniors 1"]
[Result "1-0"]
[PlyCount "59"]

1. d4 Nf6 2. c4 g6 3. Nc3 Bg7 4. e4 d6 5. Nf3 O-O 6. Be3 Nbd7 7. Be2 e5 8. d5 b6 9. O-O Nc5 10. Nd2 Ne8 11. b4 Nb7 12. Bg4 Bxg4 13. Qxg4 f5 14. Qg5 f4 15. Nf3 fxe3 16. fxe3 Qxg5 17. Nxg5 Nf6 18. Ne6 Rfc8 19. Rf3 Nd8 20. Nxg7 Kxg7 21. Raf1 Nd7 22. a4 a6 23. b5 a5 24. h3 Nc5 25. Rf8 Nd7 26. R8f3 Nb7 27. Rf7+ Kg8 28. Rxd7 Nc5 29. Re7 Ra7 30. Rff7 1-0

[Event "Junior Online 4NCL Division 3"]
[Site "online"]
[Date "2021.08.19"]
[EventDate "2021.08.19"]
[Round "1.95"]
[White "Bharat Kumar, Balahari"]
[WhiteElo "1489"]
[WhiteTeam "Desert Penguins Saturn"]
[Black "Gururaj, Rithwik"]
[BlackElo "1601"]
[BlackTeam "Leeds Juniors 1"]
[Result "1/2-1/2"]
[PlyCount "169"]

1. d4 Nf6 2. c4 d6 3. Nc3 g6 4. g3 Bg7 5. Bg2 O-O 6. Nf3 Nc6 7. O-O Bg4 8. h3 Bxf3 9. Bxf3 Re8 10. e3 Qd7 11. Bg2 e5 12. d5 Na5 13. Qd3 b6 14. b4 Nb7 15. Bb2 a5 16. a3 Nh5 17. Kh2 f5 18. Rac1 axb4 19. axb4 e4 20. Qd2 Be5 21. Ra1 Qg7 22. Rfc1 Qf6 23. Nd1 Bxb2 24. Qxb2 Kf7 25. Qxf6+ Nxf6 26. Nc3 h5 27. Nb5 Rec8 28. Rxa8 Rxa8 29. Nxc7 Ra4 30. Rb1 Nd7 31. Nb5 Ne5 32. Bf1 Nf3+ 33. Kg2 Ke7 34. Be2 Ne5 35. Rb2 Kd7 36. Nd4 Nd8 37. Kh2 Ndf7 38. Nc6 Nxc6 39. dxc6+ Kxc6 40. Kg2 Ne5 41. Kf1 Ra1+ 42. Kg2 Rc1 43. b5+ Kb7 44. Rd2 Kc7 45. Rd4 Rc3 46. Kf1 Rc1+ 47. Kg2 Rc3 48. Kg1 Nd3 49. Kg2 Kd7 50. Kf1 Nc5 51. Ke1 Rc1+ 52. Rd1 Rc3 53. Kd2 Ra3 54. Re1 Ke6 55. Kc2 Ra2+ 56. Kc3 Ke5 57. Kb4 Rd2 58. f4+ exf3 59. Bf1 Ke4 60. Kc3 Ra2 61. Rd1 Ra3+ 62. Kb2 Rxe3 63. Rxd6 Na4+ 64. Kc2 Ke5 65. Rxg6 Re1 66. Bd3 f2 67. Rg8 f1=Q 68. Re8+ Kd6 69. Bxf1 Rxf1 70. Rh8 Rf2+ 71. Kd3 Rf3+ 72. Kd4 Rxg3 73. Rxh5 f4 74. Rh6+ Ke7 75. Rh7+ Kf6 76. Ke4 Kg6 77. Kxf4 Kxh7 78. Kxg3 Kh6 79. Kf4 Kh5 80. Ke5 Kh4 81. Kd6 Kxh3 82. Kc6 Kg4 83. c5 bxc5 84. b6 Nxb6 85. Kxc5 1/2-1/2

[Event "Junior Online 4NCL Division 3"]
[Site "online"]
[Date "2021.08.19"]
[EventDate "2021.08.19"]
[Round "1.96"]
[White "Khan, Leo"]
[WhiteElo "1623"]
[WhiteTeam "Leeds Juniors 1"]
[Black "Longia-Zaidi, Ismail"]
[BlackElo "1317"]
[BlackTeam "Desert Penguins Saturn"]
[Result "1-0"]
[PlyCount "119"]

1. e4 c5 2. Nc3 a6 3. f4 e6 4. Nf3 d6 5. Bc4 Nf6 6. d3 Be7 7. O-O O-O 8. Kh1 b5 9. Bb3 Bb7 10. a3 Nc6 11. h3 Na5 12. Ba2 d5 13. e5 Nd7 14. Bd2 d4 15. Ne2 Nc6 16. c3 Nb6 17. cxd4 cxd4 18. Ba5 Bc5 19. b4 Nxa5 20. bxc5 Nd5 21. Bxd5 Qxd5 22. Nexd4 Qxc5 23. Nb3 Nxb3 24. Qxb3 Bd5 25. Qb2 Qe3 26. Qd2 Qxd2 27. Nxd2 Rac8 28. Rfc1 h6 29. Kg1 Rc6 30. Rxc6 Bxc6 31. Rc1 Rc8 32. Kf2 Bb7 33. Rxc8+ Bxc8 34. Nb3 Kf8 35. Na5 Ke7 36. Ke3 Kd7 37. Kd4 Kc7 38. Kc5 Bb7 39. Nxb7 Kxb7 40. d4 Kc7 41. d5 exd5 42. Kxd5 Kd7 43. f5 a5 44. Kc5 b4 45. axb4 axb4 46. Kxb4 g6 47. g4 Kc6 48. e6 fxe6 49. fxg6 e5 50. g7 e4 51. g8=Q e3 52. Qe6+ Kc7 53. Qxe3 Kd7 54. Qxh6 Ke7 55. Kc5 Kf7 56. Kd5 Ke7 57. Qg6 Kd7 58. Qg7+ Ke8 59. Kd6 Kd8 60. Qf8# 1-0

[Event "Junior Online 4NCL Division 3"]
[Site "online"]
[Date "2021.08.19"]
[EventDate "2021.08.19"]
[Round "1.97"]
[White "Dane, Antony"]
[WhiteElo "1361"]
[WhiteTeam "Desert Penguins Saturn"]
[Black "Rowe, Angelica"]
[BlackElo "1449"]
[BlackTeam "Leeds Juniors 1"]
[Result "1-0"]
[PlyCount "71"]

1. d4 d5 2. c4 e6 3. Nc3 Nf6 4. Bg5 h6 5. Bh4 Be7 6. e3 c6 7. Nf3 O-O 8. Bd3 Qb6 9. Rb1 Qc7 10. O-O Ng4 11. Bxe7 Qxe7 12. h3 Nf6 13. c5 Nbd7 14. b4 e5 15. dxe5 Nxe5 16. Qe2 Nxd3 17. Qxd3 Nh5 18. Rfc1 f5 19. Qd4 f4 20. exf4 Nxf4 21. Re1 Qf7 22. Re3 Qg6 23. g3 Nxh3+ 24. Kh2 Nxf2 25. Kg2 Ng4 26. Re7 Qc2+ 27. Kh1 Nf2+ 28. Kg1 Nh3+ 29. Kh1 Qg6 30. Kg2 Nf4+ 31. Kf2 Nh3+ 32. Kg2 Bf5 33. Rbe1 Bg4 34. Ne5 Qc2+ 35. Kh1 Nf2+ 36. Kg1 1-0

[Event "Junior Online 4NCL Division 3"]
[Site "online"]
[Date "2021.08.19"]
[EventDate "2021.08.19"]
[Round "1.98"]
[White "Krishnan, Aditya"]
[WhiteElo "1436"]
[WhiteTeam "Leeds Juniors 1"]
[Black "Mo, Alex"]
[BlackElo "1304"]
[BlackTeam "Desert Penguins Saturn"]
[Result "0-1"]
[PlyCount "48"]

1. c4 d5 2. cxd5 Qxd5 3. Nc3 Qd8 4. g3 Nc6 5. Bg2 Bd7 6. e4 e5 7. Nf3 Bc5 8. d3 f6 9. Be3 Bxe3 10. fxe3 Be6 11. d4 exd4 12. exd4 Bg4 13. d5 Ne5 14. O-O Qd6 15. Kh1 O-O-O 16. Qc2 Bxf3 17. Bxf3 Ne7 18. Rac1 c6 19. Bg2 Kb8 20. Rfd1 N7g6 21. Na4 Qb4 22. dxc6 Nxc6 23. Rxd8+ Rxd8 24. Qc3 Qxa4 0-1

[Event "Junior Online 4NCL Division 3"]
[Site "online"]
[Date "2021.08.19"]
[EventDate "2021.08.19"]
[Round "1.101"]
[White "Spitz, Danny"]
[WhiteElo "1370"]
[WhiteTeam "Coldfall Bishops"]
[Black "Davies, Tom"]
[BlackElo "1510"]
[BlackTeam "Young Dragons B"]
[Result "0-1"]
[PlyCount "32"]

1. e4 d5 2. exd5 Qxd5 3. Nc3 Qa5 4. Bc4 Nf6 5. d4 Bg4 6. Ne2 Nc6 7. Bf4 Bxe2 8. Bxe2 O-O-O 9. Be3 e5 10. Bd2 exd4 11. Ne4 Bb4 12. Bxb4 Qxb4+ 13. c3 dxc3 14. Qb3 cxb2+ 15. Qxb4 bxa1=Q+ 16. Bd1 Qxd1# 0-1

[Event "Junior Online 4NCL Division 3"]
[Site "online"]
[Date "2021.08.19"]
[EventDate "2021.08.19"]
[Round "1.102"]
[White "Chung, Daniel"]
[WhiteElo "1479"]
[WhiteTeam "Young Dragons B"]
[Black "Haga, Xander"]
[BlackElo "1175"]
[BlackTeam "Coldfall Bishops"]
[Result "1-0"]
[PlyCount "133"]

1. d4 d5 2. c4 e6 3. g3 Nf6 4. Bg2 Nc6 5. Nf3 dxc4 6. Bg5 Be7 7. Bxf6 Bxf6 8. e3 e5 9. dxe5 Qxd1+ 10. Kxd1 Nxe5 11. Nxe5 Bxe5 12. Nd2 Bxb2 13. Rb1 c3 14. Kc2 O-O 15. Nc4 Rd8 16. Rbd1 Rxd1 17. Rxd1 Be6 18. Nxb2 cxb2 19. Kxb2 g6 20. Ka1 Rb8 21. Rc1 c6 22. Rb1 Bd7 23. Rd1 Be8 24. Rb1 b5 25. Rc1 Rc8 26. Rc5 a5 27. Bf1 a4 28. Bxb5 Rd8 29. Bxc6 Bxc6 30. Rxc6 Rd1+ 31. Kb2 Rd2+ 32. Ka3 Rxf2 33. h4 Rf3 34. Rc3 Rxg3 35. Kxa4 Rg4+ 36. Kb5 Rxh4 37. a4 Rh5+ 38. Kb6 Re5 39. a5 Re8 40. a6 h5 41. a7 g5 42. Kb7 Re7+ 43. Kb8 Re8+ 44. Kb7 Re7+ 45. Kb8 Rxa7 46. Kxa7 Kg7 47. Kb6 Kg6 48. e4 g4 49. Kc5 Kg5 50. Kd4 Kf4 51. Rc1 g3 52. Rf1+ Kg4 53. Rxf7 h4 54. Rg7+ Kh3 55. e5 g2 56. e6 Kh2 57. e7 h3 58. e8=Q g1=Q+ 59. Rxg1 Kxg1 60. Qg6+ Kh1 61. Qe4+ Kg1 62. Qg4+ Kh2 63. Qe2+ Kg1 64. Qg4+ Kh2 65. Ke3 Kh1 66. Kf2 h2 67. Qg2# 1-0

[Event "Junior Online 4NCL Division 3"]
[Site "online"]
[Date "2021.08.19"]
[EventDate "2021.08.19"]
[Round "1.103"]
[White "Haga, Viktor"]
[WhiteElo "1173"]
[WhiteTeam "Coldfall Bishops"]
[Black "Davies, Milo"]
[BlackElo "1482"]
[BlackTeam "Young Dragons B"]
[Result "1/2-1/2"]
[PlyCount "157"]

1. e4 d5 2. Nc3 dxe4 3. Nxe4 e5 4. Bc4 f5 5. Nc3 Nc6 6. Nf3 Nf6 7. O-O Bc5 8. d3 a6 9. a4 Bd7 10. Re1 Bd6 11. d4 e4 12. Ng5 Rf8 13. Be6 Qe7 14. Bxd7+ Qxd7 15. g3 O-O-O 16. d5 Ne5 17. Ne6 Nf3+ 18. Kf1 Nxe1 19. Nxf8 Rxf8 20. Qxe1 Ng4 21. Kg2 Bb4 22. h3 Nf6 23. a5 Nxd5 24. Bd2 Nxc3 25. Bxc3 Bxc3 26. Qxc3 Rd8 27. Re1 g6 28. Re2 Qd4 29. Qb3 Qd5 30. Qc3 e3+ 31. f3 Re8 32. g4 fxg4 33. hxg4 Qe5 34. Qa3 Qd6 35. Rxe3 Qxa3 36. Rxa3 Re2+ 37. Kg3 Rxc2 38. Rb3 Kd7 39. f4 Kc6 40. Kh4 b6 41. axb6 cxb6 42. Kg5 a5 43. Kh6 Rh2+ 44. Kg7 a4 45. Ra3 b5 46. f5 gxf5 47. gxf5 Rxb2 48. f6 Kd7 49. f7 Rg2+ 50. Kf8 h5 51. Rd3+ Ke6 52. Ke8 Rf2 53. Re3+ Kd5 54. Rd3+ Kc4 55. Rh3 b4 56. Rxh5 a3 57. Rh4+ Kc3 58. Rh3+ Kc2 59. Rh2 Rxh2 60. f8=Q a2 61. Qf5+ Kb3 62. Qd3+ Ka4 63. Qa6+ Kb3 64. Qd3+ Ka4 65. Qa6+ Kb3 66. Qe6+ Kc2 67. Qc4+ Kb1 68. Qxb4+ Kc2 69. Qa4+ Kb1 70. Qd1+ Kb2 71. Qd4+ Kb3 72. Qd5+ Ka4 73. Qc4+ Ka3 74. Qc3+ Ka4 75. Qc4+ Ka3 76. Qc3+ Ka4 77. Qc6+ Kb3 78. Qb5+ Kc2 79. Qc4+ 1/2-1/2

[Event "Junior Online 4NCL Division 3"]
[Site "online"]
[Date "2021.08.19"]
[EventDate "2021.08.19"]
[Round "1.104"]
[White "Ryan, Tabitha"]
[WhiteElo "1435"]
[WhiteTeam "Young Dragons B"]
[Black "Agasee, Emilio"]
[BlackElo "1191"]
[BlackTeam "Coldfall Bishops"]
[Result "1-0"]
[PlyCount "47"]

1. d4 d5 2. Nf3 Nc6 3. Bf4 Bf5 4. e3 a6 5. Bd3 Bg6 6. c3 Nf6 7. h3 e6 8. Ne5 Nxe5 9. Bxe5 Ne4 10. Nd2 Qe7 11. Nxe4 dxe4 12. Be2 O-O-O 13. Qb3 f6 14. Bg3 e5 15. Qc4 Qd7 16. a4 exd4 17. cxd4 Bd6 18. Bxd6 Qxd6 19. b4 Qc6 20. Qb3 Rd5 21. b5 axb5 22. axb5 Qb6 23. Ra8+ Kd7 24. Qxd5+ 1-0

[Event "Junior Online 4NCL Division 3"]
[Site "online"]
[Date "2021.08.19"]
[EventDate "2021.08.19"]
[Round "1.105"]
[White "Davies, Tom"]
[WhiteElo "1510"]
[WhiteTeam "Young Dragons B"]
[Black "Spitz, Danny"]
[BlackElo "1370"]
[BlackTeam "Coldfall Bishops"]
[Result "0-1"]
[PlyCount "78"]

1. c4 e6 2. g3 d5 3. Bg2 c6 4. Nc3 d4 5. Nb1 Nf6 6. Nf3 c5 7. O-O Bd6 8. e3 e5 9. exd4 cxd4 10. d3 Bg4 11. Nbd2 Nbd7 12. Qb3 Nc5 13. Qb5+ Bd7 14. Qb4 Qe7 15. Nxe5 Bxe5 16. Re1 Nxd3 17. Qxe7+ Kxe7 18. Re2 Rhe8 19. f4 Bg4 20. Rxe5+ Nxe5 21. fxe5 Nd7 22. Nf3 Bxf3 23. Bxf3 Nxe5 24. Bxb7 Rab8 25. Bd5 Rec8 26. Bf4 f6 27. b3 g5 28. Bxe5 fxe5 29. Rf1 Rf8 30. Re1 Kd6 31. Kg2 Rf6 32. Re2 Rbf8 33. Be4 h5 34. Bd5 g4 35. Be4 Kc5 36. Bd5 d3 37. Rd2 Kd4 38. Rd1 Rf2+ 39. Kg1 Rxa2 0-1

[Event "Junior Online 4NCL Division 3"]
[Site "online"]
[Date "2021.08.19"]
[EventDate "2021.08.19"]
[Round "1.106"]
[White "Haga, Xander"]
[WhiteElo "1175"]
[WhiteTeam "Coldfall Bishops"]
[Black "Chung, Daniel"]
[BlackElo "1479"]
[BlackTeam "Young Dragons B"]
[Result "0-1"]
[PlyCount "112"]

1. e4 c5 2. Nc3 e6 3. Nf3 Nc6 4. d4 cxd4 5. Nxd4 Bb4 6. Nxc6 bxc6 7. Bd2 Qf6 8. Bd3 d5 9. exd5 cxd5 10. Bb5+ Bd7 11. Bxd7+ Kxd7 12. O-O Ne7 13. a3 Ba5 14. b4 Bc7 15. Ne2 Qe5 16. Ng3 Nf5 17. Re1 Qd6 18. f4 Nxg3 19. hxg3 Bb6+ 20. Be3 Bxe3+ 21. Rxe3 Qb6 22. Kf2 Rac8 23. Kf3 Qc6 24. Re2 Rhd8 25. Rc1 Qc3+ 26. Re3 Qc6 27. Re2 Ke7 28. f5 d4+ 29. Kf2 Qd5 30. g4 Rc3 31. fxe6 fxe6 32. a4 Qd6 33. b5 Qg3+ 34. Kg1 Qxg4 35. Rb1 d3 36. cxd3 Rcxd3 37. Qe1 Qd4+ 38. Kh1 Qg4 39. b6 axb6 40. Rxb6 Qh5+ 41. Kg1 Qc5+ 42. Qf2 Rd1+ 43. Kh2 Qh5+ 44. Kg3 R1d3+ 45. Re3 Qg5+ 46. Kf3 Rf8+ 47. Ke2 Rxf2+ 48. Kxd3 Qd5+ 49. Kc3 Qc5+ 50. Kb3 Qxb6+ 51. Ka3 Qxe3+ 52. Kb4 Qe5 53. a5 Rf4+ 54. Ka3 Qe3+ 55. Kb2 Rf2+ 56. Kb1 Qe1# 0-1

[Event "Junior Online 4NCL Division 3"]
[Site "online"]
[Date "2021.08.19"]
[EventDate "2021.08.19"]
[Round "1.107"]
[White "Davies, Milo"]
[WhiteElo "1482"]
[WhiteTeam "Young Dragons B"]
[Black "Haga, Viktor"]
[BlackElo "1173"]
[BlackTeam "Coldfall Bishops"]
[Result "1-0"]
[PlyCount "139"]

1. e4 e5 2. Nf3 Nc6 3. Bc4 Bc5 4. c3 Nf6 5. d4 exd4 6. e5 Ng4 7. cxd4 Bb4+ 8. Nc3 O-O 9. O-O Ne7 10. h3 Nxe5 11. Nxe5 Bxc3 12. bxc3 d5 13. Bb3 f6 14. Nf3 a5 15. Bc2 b5 16. Qd3 Bf5 17. Qd2 Bxc2 18. Qxc2 b4 19. Re1 bxc3 20. Qxc3 Qb8 21. Ba3 Re8 22. Rxe7 Rxe7 23. Bxe7 Qe8 24. Qxc7 Rc8 25. Qd6 Rc6 26. Qd8 Qxd8 27. Bxd8 Rd6 28. Bxa5 Ra6 29. Bb4 Ra4 30. Bc5 g5 31. a3 Kf7 32. g4 Kg6 33. Re1 h5 34. gxh5+ Kxh5 35. Re6 Kg6 36. Rd6 Rc4 37. Rxd5 Rc1+ 38. Kg2 Rc2 39. a4 Ra2 40. Be7 Rxa4 41. Rd6 Kf7 42. Bxf6 Ra5 43. Bxg5 Ra8 44. h4 Rg8 45. h5 Rh8 46. h6 Kg8 47. Rd8+ Kh7 48. Rxh8+ Kxh8 49. d5 Kg8 50. d6 Kf8 51. h7 Kg7 52. d7 Kxh7 53. d8=Q Kg6 54. Qf6+ Kh5 55. Qh6+ Kg4 56. Qh4+ Kf5 57. Nd4+ Ke5 58. f4+ Kxd4 59. f5+ Ke5 60. f6 Ke6 61. Qh7 Kd6 62. f7 Kd7 63. f8=Q+ Kc6 64. Qg6+ Kb5 65. Qff5+ Kc4 66. Qc6+ Kd4 67. Qce4+ Kc3 68. Qff3+ Kb2 69. Qee2+ Ka1 70. Qff1# 1-0

[Event "Junior Online 4NCL Division 3"]
[Site "online"]
[Date "2021.08.19"]
[EventDate "2021.08.19"]
[Round "1.108"]
[White "Agasee, Emilio"]
[WhiteElo "1191"]
[WhiteTeam "Coldfall Bishops"]
[Black "Ryan, Tabitha"]
[BlackElo "1435"]
[BlackTeam "Young Dragons B"]
[Result "0-1"]
[PlyCount "28"]

1. e4 d6 2. d4 Nf6 3. Nc3 g6 4. Nf3 Bg7 5. b3 Nc6 6. d5 Ne5 7. Nxe5 dxe5 8. f4 Qd6 9. fxe5 Qxe5 10. Bb2 Nxe4 11. Nxe4 Qxe4+ 12. Qe2 Qxe2+ 13. Bxe2 Bxb2 14. Rb1 Bc3+ 0-1

[Event "Junior Online 4NCL Division 3"]
[Site "online"]
[Date "2021.08.19"]
[EventDate "2021.08.19"]
[Round "1.112"]
[White "Kirk, Alex"]
[WhiteElo "1111"]
[WhiteTeam "Tetherdown Bishops"]
[Black "Narasimhan, Srivathsan"]
[BlackElo "501"]
[BlackTeam "East Kilbride Rooks"]
[Result "1-0"]
[PlyCount "39"]

1. e4 e5 2. Nf3 Nc6 3. Nc3 Nf6 4. d4 exd4 5. Nxd4 Bb4 6. Qd3 d6 7. a3 Bxc3+ 8. bxc3 O-O 9. Be2 d5 10. exd5 Qxd5 11. Nxc6 Qxc6 12. Qg3 g6 13. Bh6 Re8 14. Rd1 Bf5 15. Rd2 Rad8 16. Rxd8 Rxd8 17. O-O Ne4 18. Qe5 f6 19. Qe7 Rd7 20. Qe8# 1-0

[Event "Junior Online 4NCL Division 3"]
[Site "online"]
[Date "2021.08.19"]
[EventDate "2021.08.19"]
[Round "1.113"]
[White "Vinodh, Sampriti"]
[WhiteElo "336"]
[WhiteTeam "East Kilbride Rooks"]
[Black "Murphy, Sam"]
[BlackElo "1105"]
[BlackTeam "Tetherdown Bishops"]
[Result "0-1"]
[PlyCount "116"]

1. e4 e5 2. Bc4 Bc5 3. Nf3 Nc6 4. d3 Nf6 5. Nc3 d6 6. Bg5 h6 7. Bxf6 Qxf6 8. Qe2 Bg4 9. h3 Nd4 10. Qd1 Bxf3 11. gxf3 Nxf3+ 12. Ke2 Nd4+ 13. Kd2 Qxf2+ 14. Qe2 Nf3+ 15. Kd1 Qxe2+ 16. Kxe2 Nd4+ 17. Kd2 O-O 18. a3 a6 19. b4 Bb6 20. a4 c5 21. a5 cxb4 22. axb6 bxc3+ 23. Kxc3 Nb5+ 24. Kb4 Nd4 25. Kc3 Rfc8 26. Kb4 Rc6 27. c3 Nc2+ 28. Kb3 Nxa1+ 29. Rxa1 Rxb6+ 30. Kc2 Rc8 31. Bd5 Rb5 32. c4 Rbc5 33. Kc3 b5 34. Rxa6 bxc4 35. dxc4 Rd8 36. h4 Rc7 37. Kb4 Rb8+ 38. Ka5 Rc5+ 39. Ka4 Kf8 40. Ra8 Rxa8+ 41. Bxa8 Rxc4+ 42. Kb5 Rc1 43. Kb4 Ke7 44. Kb3 Ke6 45. Kb4 f5 46. exf5+ Kxf5 47. Kb3 e4 48. Kb2 Rc7 49. h5 Kf4 50. Bd5 e3 51. Kb3 e2 52. Kb4 e1=Q+ 53. Kb5 Qb1+ 54. Ka6 Qd3+ 55. Kb6 Rc5 56. Kb7 Qb1+ 57. Ka6 Rc3 58. Ka5 Ra3# 0-1

[Event "Junior Online 4NCL Division 3"]
[Site "online"]
[Date "2021.08.19"]
[EventDate "2021.08.19"]
[Round "1.116"]
[White "Narasimhan, Srivathsan"]
[WhiteElo "501"]
[WhiteTeam "East Kilbride Rooks"]
[Black "Kirk, Alex"]
[BlackElo "1111"]
[BlackTeam "Tetherdown Bishops"]
[Result "0-1"]
[PlyCount "36"]

1. e4 e5 2. Nf3 Nc6 3. Nc3 Nf6 4. d4 exd4 5. Nxd4 Nxd4 6. Qxd4 d6 7. Bc4 Be7 8. Bg5 Nh5 9. Bxe7 Qxe7 10. O-O O-O 11. Be2 Nf4 12. Qd2 Qg5 13. Bf3 Nh3+ 14. Kh1 Qxd2 15. Rad1 Nxf2+ 16. Kg1 Nxd1 17. Rxd1 Qxc2 18. b3 Qxc3 0-1

[Event "Junior Online 4NCL Division 3"]
[Site "online"]
[Date "2021.08.19"]
[EventDate "2021.08.19"]
[Round "1.117"]
[White "Murphy, Sam"]
[WhiteElo "1105"]
[WhiteTeam "Tetherdown Bishops"]
[Black "Vinodh, Sampriti"]
[BlackElo "336"]
[BlackTeam "East Kilbride Rooks"]
[Result "1-0"]
[PlyCount "23"]

1. d4 d5 2. c4 dxc4 3. e4 e5 4. Nf3 Nc6 5. Be3 Bg4 6. d5 Bxf3 7. Qxf3 Nd4 8. Bxd4 exd4 9. Bxc4 Nf6 10. e5 Nd7 11. d6 cxd6 12. Qxf7# 1-0

[Event "Junior Online 4NCL Division 3"]
[Site "online"]
[Date "2021.08.19"]
[EventDate "2021.08.19"]
[Round "1.121"]
[White "Singh-Raj, Aryan"]
[WhiteElo "1154"]
[WhiteTeam "JHJ Shark Tank 6"]
[Black "Dalah, Jacob"]
[BlackElo "1125"]
[BlackTeam "Edgware Gambits D"]
[Result "0-1"]
[PlyCount "84"]

1. d4 d5 2. c4 dxc4 3. e4 e5 4. d5 c6 5. dxc6 Qxd1+ 6. Kxd1 Nxc6 7. Bxc4 Bd7 8. Nc3 O-O-O 9. Be3 Be6+ 10. Kc2 Bxc4 11. b3 Bd3+ 12. Kb2 Nf6 13. Rd1 Nxe4 14. Nxe4 Bxe4 15. Rxd8+ Kxd8 16. f3 Bg6 17. Ne2 Be7 18. Rd1+ Kc7 19. f4 Rd8 20. Rxd8 Bxd8 21. fxe5 Nxe5 22. Bf4 Bf6 23. Ng1 Kd7 24. Nf3 Nxf3+ 25. Ka3 Nd4 26. Be3 Nc2+ 27. Ka4 Nxe3 28. h4 Nxg2 29. b4 Nxh4 30. a3 Nf5 31. Kb5 h5 32. a4 h4 33. a5 h3 34. a6 h2 35. Ka5 b6+ 36. Kb5 h1=Q 37. Kc4 Qc6+ 38. Kb3 Qd5+ 39. Ka4 b5+ 40. Ka3 Qd3+ 41. Ka2 Qc2+ 42. Ka3 Qa4# 0-1

[Event "Junior Online 4NCL Division 3"]
[Site "online"]
[Date "2021.08.19"]
[EventDate "2021.08.19"]
[Round "1.122"]
[White "Durling, Charlie"]
[WhiteElo "1174"]
[WhiteTeam "Edgware Gambits D"]
[Black "Broachi, Zain"]
[BlackElo "1082"]
[BlackTeam "JHJ Shark Tank 6"]
[Result "1-0"]
[PlyCount "129"]

1. d4 d5 2. c4 c5 3. cxd5 Bf5 4. Nc3 cxd4 5. Qxd4 f6 6. Nf3 e6 7. e4 e5 8. Qa4+ Bd7 9. Bb5 f5 10. Nxe5 Nf6 11. Bg5 h6 12. Bxf6 Qxf6 13. Nxd7 Nxd7 14. Bxd7+ Kd8 15. O-O Bd6 16. Bxf5 Ke7 17. Qd7+ Kf8 18. Rfe1 Qe5 19. g3 Bc5 20. Bg6 Qf6 21. Qf5 Ke7 22. Qxf6+ gxf6 23. Rac1 Rhf8 24. Nb5 b6 25. Nc7 Rac8 26. Ne6 Bxf2+ 27. Kxf2 Rxc1 28. Rxc1 Rg8 29. Rc7+ Kd6 30. Rg7 Rc8 31. Nd4 Ke5 32. Nc6+ Kd6 33. Bf5 Rc7 34. Rg8 Kc5 35. Rg6 Kd6 36. Rxf6+ Kc5 37. Be6 Rxc6 38. dxc6 Kxc6 39. Bd5+ Kd7 40. Rxh6 Ke7 41. Rh7+ Kd6 42. Rg7 Ke5 43. Rxa7 Kd4 44. g4 Kd3 45. Ra6 Kd2 46. Rxb6 Kd3 47. g5 Kd4 48. g6 Kc5 49. g7 Kxb6 50. g8=Q Kc5 51. a3 Kd4 52. Ke2 Ke5 53. Qg5+ Kd4 54. Qe3+ Ke5 55. h3 Kf6 56. h4 Kg6 57. Qg5+ Kh7 58. e5 Kh8 59. e6 Kh7 60. Be4+ Kh8 61. Bf3 Kh7 62. e7 Kh8 63. h5 Kh7 64. Be4+ Kh8 65. e8=R# 1-0

[Event "Junior Online 4NCL Division 3"]
[Site "online"]
[Date "2021.08.19"]
[EventDate "2021.08.19"]
[Round "1.124"]
[White "Wen, Liana"]
[WhiteElo "1154"]
[WhiteTeam "Edgware Gambits D"]
[Black "Ashcroft, Arthur"]
[BlackElo "900"]
[BlackTeam "JHJ Shark Tank 6"]
[Result "1-0"]
[PlyCount "49"]

1. d4 d5 2. c4 e6 3. e3 Nf6 4. Nc3 Be7 5. Nf3 O-O 6. Bd3 Nbd7 7. O-O b6 8. Ng5 Bb7 9. Qf3 dxc4 10. Qxb7 cxd3 11. Qf3 Nc5 12. Nce4 Ncxe4 13. Nxe4 Nxe4 14. Qxe4 Bd6 15. Qxd3 Qh4 16. f4 h6 17. b3 g5 18. Bd2 gxf4 19. exf4 Bxf4 20. Bxf4 Qf6 21. Be5 Qg5 22. Rf3 c5 23. Rg3 Qxg3 24. Qxg3+ Kh7 25. Qg7# 1-0

[Event "Junior Online 4NCL Division 3"]
[Site "online"]
[Date "2021.08.19"]
[EventDate "2021.08.19"]
[Round "1.125"]
[White "Dalah, Jacob"]
[WhiteElo "1125"]
[WhiteTeam "Edgware Gambits D"]
[Black "Singh-Raj, Aryan"]
[BlackElo "1154"]
[BlackTeam "JHJ Shark Tank 6"]
[Result "1-0"]
[PlyCount "67"]

1. e4 Nf6 2. e5 Nd5 3. c4 Nb6 4. d4 d6 5. f4 dxe5 6. fxe5 f6 7. c5 Nd5 8. exf6 exf6 9. Qh5+ g6 10. Qe2+ Qe7 11. Qxe7+ Bxe7 12. Bc4 Be6 13. Nc3 Nxc3 14. Bxe6 Ne4 15. Bd5 c6 16. Bxe4 O-O 17. Bh6 Rd8 18. Nf3 g5 19. O-O-O a5 20. d5 cxd5 21. Bxd5+ Kh8 22. Bf7 Rxd1+ 23. Rxd1 Nc6 24. Nd4 Nxd4 25. Rxd4 Bxc5 26. Rc4 Be3+ 27. Kc2 Rf8 28. Bxf8 h5 29. Rc7 b5 30. Bxh5 Kg8 31. Rc8 Kh7 32. Be7 Bf4 33. Bxf6 Bxh2 34. Rh8# 1-0

[Event "Junior Online 4NCL Division 3"]
[Site "online"]
[Date "2021.08.19"]
[EventDate "2021.08.19"]
[Round "1.126"]
[White "Broachi, Zain"]
[WhiteElo "1082"]
[WhiteTeam "JHJ Shark Tank 6"]
[Black "Durling, Charlie"]
[BlackElo "1174"]
[BlackTeam "Edgware Gambits D"]
[Result "0-1"]
[PlyCount "68"]

1. e4 e6 2. Nf3 d5 3. e5 Nc6 4. Nc3 Bb4 5. Nb5 a6 6. Nbd4 Bc5 7. Nxc6 bxc6 8. Bd3 Nh6 9. O-O Ng4 10. h3 Nh6 11. Bxa6 Bxa6 12. Re1 Nf5 13. d4 Bb4 14. c3 Be7 15. Bg5 Bxg5 16. Nxg5 Qxg5 17. Qa4 Bb7 18. f4 Qxf4 19. Qb4 Ne7 20. Qxb7 Rc8 21. Rf1 Qe3+ 22. Kh1 O-O 23. Rae1 Qg3 24. Qb3 Rb8 25. Qc2 Rb7 26. Rf3 Qxe1+ 27. Kh2 Rfb8 28. Rf4 Rxb2 29. Qd3 Rxa2 30. Rg4 Ng6 31. Rxg6 hxg6 32. Qxg6 fxg6 33. c4 Qf2 34. cxd5 Qxg2# 0-1